000 00683nam a2200289Ia 4500
005 20260324130346.0
008 008 260324s9999 xx 000 0 eng d
020 _a9780203937235
037 _aEBOOK
040 _aCRL
040 _beng
040 _cCRL
041 _2eng
041 _aeng
084 _qCRL
100 _aVida L. Midgelow
_91181463
245 0 _aReworking the Ballet
245 0 _bCounter Narratives and Alternative Bodies
260 _bTaylor and Francis
260 _c2007
365 _a
365 _b230
856 _uhttp://www.taylorfrancis.com/books/9780203937235
942 _cEBOOK
999 _c1777585
_d1777585